[Event "Mumbai Aurionpro U14 op"]
[Site "Mumbai"]
[Date "2025.06.18"]
[Round "3"]
[White "Adhiraj, Mitra"]
[Black "Dhayagude, Aarav"]
[Result "1-0"]
[WhiteElo "1996"]
[BlackElo "1774"]
[PlyCount "85"]
[EventDate "2025.06.16"]
[EventType "swiss"]
[EventRounds "9"]
[EventCountry "IND"]
[SourceTitle "CB26_2025"]
[SourceDate "2025.06.25"]
[SourceVersion "1"]
[SourceVersionDate "2025.06.25"]
[SourceQuality "1"]

1. e4 c5 2. Nf3 Nc6 3. d4 cxd4 4. Nxd4 g6 5. Nc3 Bg7 6. Be3 Nf6 7. Bc4 0-0 8. Bb3 d5 9. exd5 Na5 10. Qf3 Bg4 11. Qg3 Nxb3 12. axb3 Bh5 13. d6 Ng4 14. 0-0-0 Qxd6 15. Qxd6 exd6 16. Rd3 Nxe3 17. fxe3 a6 18. h3 g5 19. Nf5 Bg6 20. Ne7+ Kh8 21. Nxg6+ fxg6 22. Rxd6 Bxc3 23. bxc3 Rac8 24. c4 Rce8 25. Re1 Rf7 26. Kd2 Rfe7 27. Rd5 h6 28. Rd4 Kg7 29. e4 Kf6 30. Rd6+ Re6 31. Rd4 R6e7 32. Kd3 Ke6 33. c5 Rd7 34. Rd5 Rc8 35. Kd4 b6 36. b4 a5 37. cxb6 axb4 38. Rxd7 Kxd7 39. Rb1 Rxc2 40. Rxb4 Kc8 41. Rc4+ Rxc4+ 42. Kxc4 Kb7 43. Kc5 1-0